|
|
|
|
| LEADER |
01335nam a22003854a 4500 |
| 001 |
EBC497091 |
| 003 |
MiAaPQ |
| 005 |
20200520144314.0 |
| 006 |
m o d | |
| 007 |
cr cn||||||||| |
| 008 |
050719s2005 ctua sb 001 0 eng |
| 010 |
|
|
|z 2005020498
|
| 020 |
|
|
|z 0275985970 (alk. paper)
|
| 035 |
|
|
|a (MiAaPQ)EBC497091
|
| 035 |
|
|
|a (Au-PeEL)EBL497091
|
| 035 |
|
|
|a (CaPaEBR)ebr10349420
|
| 035 |
|
|
|a (CaONFJC)MIL90743
|
| 035 |
|
|
|a (OCoLC)62320727
|
| 040 |
|
|
|a MiAaPQ
|c MiAaPQ
|d MiAaPQ
|
| 050 |
|
4 |
|a HD57.7
|b .G53 2005
|
| 082 |
0 |
4 |
|a 658.4/06
|2 22
|
| 100 |
1 |
|
|a Gilley, Ann Maycunich.
|
| 245 |
1 |
4 |
|a The manager as change leader
|h [electronic resource] /
|c Ann Gilley.
|
| 260 |
|
|
|a Westport, Conn. :
|b Praeger Publishers,
|c 2005.
|
| 300 |
|
|
|a viii, 133 p. :
|b ill.
|
| 490 |
1 |
|
|a The manager as
|
| 504 |
|
|
|a Includes bibliographical references (p. [119]-126) and index.
|
| 533 |
|
|
|a Electronic reproduction. Ann Arbor, MI : ProQuest, 2015. Available via World Wide Web. Access may be limited to ProQuest affiliated libraries.
|
| 650 |
|
0 |
|a Leadership.
|
| 650 |
|
0 |
|a Organizational change.
|
| 650 |
|
0 |
|a Management.
|
| 655 |
|
4 |
|a Electronic books.
|
| 710 |
2 |
|
|a ProQuest (Firm)
|
| 830 |
|
0 |
|a Manager as--
|
| 856 |
4 |
0 |
|u https://ebookcentral.proquest.com/lib/matrademy/detail.action?docID=497091
|z Click to View
|